<?xml version='1.0' encoding='UTF-8'?>
  <record xmlns="http://www.loc.gov/MARC21/slim">
    <leader>00000cam a22000007i 4500</leader>
    <controlfield tag="001">ocm65015875</controlfield>
    <controlfield tag="003">OCoLC</controlfield>
    <controlfield tag="005">20251128163041.3</controlfield>
    <controlfield tag="008">900331s1662    gw            000 0 lat d</controlfield>
    <datafield tag="040" ind1=" " ind2=" ">
      <subfield code="a">NLGGC</subfield>
      <subfield code="b">dut</subfield>
      <subfield code="e">fobidrtb</subfield>
      <subfield code="c">NLGGC</subfield>
      <subfield code="d">OCLCO</subfield>
      <subfield code="d">OCLCL</subfield>
      <subfield code="d">OCLCQ</subfield>
    </datafield>
    <datafield tag="029" ind1="0" ind2=" ">
      <subfield code="a">NLGGC</subfield>
      <subfield code="b">060782129</subfield>
    </datafield>
    <datafield tag="035" ind1=" " ind2=" ">
      <subfield code="a">(OCoLC)65015875</subfield>
    </datafield>
    <datafield tag="100" ind1="1" ind2=" ">
      <subfield code="a">Buno, Johannes,</subfield>
      <subfield code="d">1617-1697.</subfield>
      <subfield code="1">https://id.oclc.org/worldcat/entity/E39PBJvCQhxtFQYhcJgJJcWFKd</subfield>
    </datafield>
    <datafield tag="245" ind1="1" ind2="0">
      <subfield code="a">Tabularum mnemonicarum, quibus historia universalis, cum sacra tum profana, a condito mundo, per aeras nobiliores et quatuor monarchias ad nostram usque aetatem deducta, simulacris et hieroglyphicis figuris delineata exhibetur, clavis, seu illustris et accurata explicatio, elaborata /</subfield>
      <subfield code="c">in gratiam studiosae juventutis edita, accedit appendix, qua nostro seculo gesta praecipua per singulos annos collecta enumerantur.</subfield>
    </datafield>
    <datafield tag="260" ind1=" " ind2=" ">
      <subfield code="a">In Montibus Lunae :</subfield>
      <subfield code="b">typis exscripsit Stella,</subfield>
      <subfield code="c">1662.</subfield>
    </datafield>
    <datafield tag="300" ind1=" " ind2=" ">
      <subfield code="a">XII, 246 p. ;</subfield>
      <subfield code="c">21 cm (4-o)</subfield>
    </datafield>
    <datafield tag="336" ind1=" " ind2=" ">
      <subfield code="a">tekst</subfield>
      <subfield code="b">txt</subfield>
      <subfield code="2">rdacontent/dut</subfield>
    </datafield>
    <datafield tag="337" ind1=" " ind2=" ">
      <subfield code="a">zonder medium</subfield>
      <subfield code="b">n</subfield>
      <subfield code="2">rdamedia/dut</subfield>
    </datafield>
    <datafield tag="338" ind1=" " ind2=" ">
      <subfield code="a">band</subfield>
      <subfield code="b">nc</subfield>
      <subfield code="2">rdacarrier/dut</subfield>
    </datafield>
    <datafield tag="500" ind1=" " ind2=" ">
      <subfield code="a">Toegeschreven aan Johannes Buno.</subfield>
    </datafield>
    <datafield tag="936" ind1=" " ind2=" ">
      <subfield code="a">BATCHLOAD</subfield>
    </datafield>
  </record>